Thesis/Implementation and Integration of Industrial Automation System for motion Control (Record no. 8530)
[ view plain ]
| 000 -LEADER | |
|---|---|
| fixed length control field | 01379cam a22001934a 4500 |
| 005 - ΗΜΕΡΟΜΗΝΙΑ ΚΑΙ ΩΡΑ ΤΕΛΕΥΤΑΙΑΣ ΕΝΗΜΕΡΩΣΗΣ | |
| Πεδίο ελέγχου | 20250605164338.0 |
| 008 - FIXED-LENGTH DATA ELEMENTS--GENERAL INFORMATION | |
| Πεδίο ελέγχου σταθερού μήκους | 250528s ||||||||||||||||||||||||d |
| 035 ## - SYSTEM CONTROL NUMBER | |
| System control number | 23529 |
| 040 ## - ΠΗΓΗ ΚΑΤΑΛΟΓΟΓΡΑΦΗΣΗΣ | |
| Φορέας πρωτότυπης καταλογογράφησης | MC Athens Campus Library |
| Γλώσσα καταλογογράφησης | Ελληνικά, Μοντέρνα (1453-) |
| Modifying agency | MC Athens Campus Library |
| Κανόνες περιγραφικής καταλογογράφησης | AACR2 |
| 245 1# - ΤΙΤΛΟΣ ΚΑΙ ΔΗΛΩΣΗ ΥΠΕΥΘΥΝΟΤΗΤΑΣ | |
| Τίτλος | Thesis/Implementation and Integration of Industrial Automation System for motion Control |
| 260 ## - PUBLICATION, DISTRIBUTION, ETC. | |
| Date of publication, distribution, etc. | 2016 |
| 300 ## - PHYSICAL DESCRIPTION | |
| Extent | 44 |
| 520 ## - SUMMARY, ETC. | |
| Summary, etc. | Summary Report, Introduction, Background, Terminology, History of Automation, History of Motion Control, Digital Motion Control, AGVs, Lase Target Navigation, Inertial Navigation, Natural Features Navigation, Sonar Sensors, Visual Navigation. Logistics, Automation in Logistics, Motion Control in Logistics, AGVs in Logistics, AMRs in Logistics, Benefits of AGVs and AMRs Use, Drawbacks of of AGVs and AMRs Use, Problem Outline, Philosophy of Project Engagement, AGV System Architecture Analysis, Server, Communication, AGV Controller, AGV System Architecture Diagram (SAD), Physical Architecture Diagram (PAD), Logical Architecture Diagram (LAD), Hardware, AGV Controller, Technical Specifications and Features, Industrial Vehicle, Software, Open Source Definition, Code Redistribution, Modification, Fields of Endeavor, Rationale, Code, References, Appendices. |
| 700 1# - ΠΡΟΣΘΕΤΗ ΑΝΑΓΡΑΦΗ--ΦΥΣΙΚΟ ΠΡΟΣΩΠΟ | |
| Personal name | Siokos Georgios |
| 9 (RLIN) | 9101 |
| 700 1# - ΠΡΟΣΘΕΤΗ ΑΝΑΓΡΑΦΗ--ΦΥΣΙΚΟ ΠΡΟΣΩΠΟ | |
| Personal name | Tompakoglou Dimitrios |
| 9 (RLIN) | 9102 |
| 942 ## - ADDED ENTRY ELEMENTS (KOHA) | |
| Koha item type | Διπλωματική εργασία |
| Τύπος τεκμηρίου | Βιβλιοθήκη | Τρέχουσα τοποθεσία | Barcode | Ημερομηνία απόκτησης | Ταξιθετικό σύμβολο | Αριθμός αντιτύπου | Κατάσταση απόσυρσης | Κατάσταση χαμένου | Κατάσταση κατεστραμμένου | Μη δανεισμός | Σύνολο δανεισμών | Ημερομηνία τελευταίας εμφάνισης | Η τιμή ισχύει από |
|---|---|---|---|---|---|---|---|---|---|---|---|---|---|
| Διπλωματική εργασία | MC Athens Campus Library | MC Athens Campus Library | 9780000085290 | 05/06/2025 | ENG 2016 (50) | 1 | 05/06/2025 | 05/06/2025 |